000 00583nam a22002057a 4500
008 151022b xxu||||| |||| 00| 0 eng d
020 _a9780205537358
020 _a0205537359
041 0 _aeng
080 _a316.77
245 _aRace/gender/media :
_c[edited by] Rebecca Ann Lind.
250 _a2nd ed.
260 _aBoston :
_bAllyn & Bacon,
_cc2010.
300 _axv, 363 f. ;
_c24 cm.
650 0 _aRaca
650 0 _aMarrëdhëniet
650 0 _aMedia
700 1 _aLind, Rebecca Ann.
942 _2udc
_cBK
999 _c1330
_d1330